| 000 | 00438nam a2200181Ia 4500 | ||
|---|---|---|---|
| 008 | 151202s9999||||xx |||||||||||||| ||und|| | ||
| 082 | _bPNVM-15262 | ||
| 100 | _aBROWN JOE E. | ||
| 245 | _aYOUR KIDS AND MINE. | ||
| 260 | _b"DOUBLEDAY & CO,INS." | ||
| 260 | _c1944 | ||
| 300 | _a192 | ||
| 600 | _aBROWN JOE E. | ||
| 630 | _aYOUR KIDS AND MINE. | ||
| 700 | _aBROWN JOE E. | ||
| 730 | _aYOUR KIDS AND MINE. | ||
| 942 | _cBOOK | ||
| 999 |
_c1281247 _d1281244 |
||